Differential equations : (Record no. 180936)
[ view plain ]
| 000 -LEADER | |
|---|---|
| fixed length control field | 00536 a2200169 4500 |
| 003 - CONTROL NUMBER IDENTIFIER | |
| control field | NUST |
| 005 - DATE AND TIME OF LATEST TRANSACTION | |
| control field | 20221117132409.0 |
| 020 ## - INTERNATIONAL STANDARD BOOK NUMBER | |
| International Standard Book Number | 052670454 |
| 040 ## - CATALOGING SOURCE | |
| Transcribing agency | Nust |
| 082 ## - DEWEY DECIMAL CLASSIFICATION NUMBER | |
| Classification number | 515,KIN |
| 100 ## - MAIN ENTRY--PERSONAL NAME | |
| Personal name | King, A.C. |
| 9 (RLIN) | 102859 |
| 245 ## - TITLE STATEMENT | |
| Title | Differential equations : |
| Remainder of title | Linear, nonlinear ordinary partial / |
| Statement of responsibility, etc. | A.C. King , J. Billingham |
| 260 ## - PUBLICATION, DISTRIBUTION, ETC. | |
| Place of publication, distribution, etc. | Cambridge |
| Name of publisher, distributor, etc. | Cambridge Press |
| Date of publication, distribution, etc. | 2003 |
| 300 ## - PHYSICAL DESCRIPTION | |
| Extent | 541 p.: |
| 505 ## - FORMATTED CONTENTS NOTE | |
| Formatted contents note | Part-1: Linear Equations (Page-1), Part-2: Nonlinear Equations and Advanced Techniques (Page-201). |
| 942 ## - ADDED ENTRY ELEMENTS (KOHA) | |
| Source of classification or shelving scheme | |
| Koha item type | Book |
| Call number prefix | 515,KIN |
| Withdrawn status | Lost status | Source of classification or shelving scheme | Damaged status | Not for loan | Permanent Location | Current Location | Shelving location | Date acquired | Full call number | Barcode | Date last seen | Price effective from | Koha item type | Public note |
|---|---|---|---|---|---|---|---|---|---|---|---|---|---|---|
| Military College of Signals (MCS) | Military College of Signals (MCS) | General Stacks | 12/12/2016 | 515,KIN | MCS32587 | 12/08/2016 | 12/12/2016 | Book | Almirah No.13, Shelf No.1 |
